| 000 | 01093naa a2200301 c 4500 | ||
|---|---|---|---|
| 001 | 46522 | ||
| 003 | ES-MaCES | ||
| 005 | 20151001124650.0 | ||
| 008 | 151001s2015 uk ||||| t||||||| ||eng d | ||
| 040 |
_aES-MaCES _bspa _cES-MaCES _dES-MaCES |
||
| 100 | 1 |
_936076 _aYuan, Chunming |
|
| 245 | 1 | 0 |
_aFiscal austerity, growth prospects and sovereign CDS spreads _b: The Eurozone and beyond _cChunming Yuan, Tanu J. Pongsiri |
| 500 | _aResumen | ||
| 504 | _aBibliografía: p. 78-79 | ||
| 650 | 4 |
_927025 _apolítica económica |
|
| 650 | 4 |
_928082 _apolítica fiscal |
|
| 650 | 4 |
_930358 _aajuste estructural |
|
| 650 | 4 |
_927102 _acrisis económica |
|
| 650 | 4 |
_927077 _amodelo de crecimiento |
|
| 650 | 4 |
_928075 _adeuda pública |
|
| 650 | 4 |
_928135 _afinanciación del déficit |
|
| 650 | 4 |
_926752 _aUE |
|
| 653 | 1 | 0 | _aEconomía |
| 700 | 1 |
_936077 _aPongsiri, Tanu J. |
|
| 773 | 0 |
_983125 _dOxford Elsevier 2013- _o086027 _tInternational economics _w(ES-MaCES)25378 _gvol. 141 (May 2015) {10368 R. 086027} ;p.50-79 |
|
| 902 | _aART Artículo de revista | ||
| 942 |
_2CES _cAR _h0.0. |
||
| 999 |
_c46522 _d46522 |
||